000 00208 a2200109 4500
020 _a9788415098454
041 _aspa
100 _aMaria Garcia
245 _aEl despertar del sol
942 _cBK
952 _71
999 _c24493
_d24493